Statystyki dla Zagraniczni raperzy po albumach

Kliknij tutaj aby rozwiązać quiz!

Ogólne statystyki

  • Ten quiz został rozwiązany 90 razy
  • Średni wynik to 10 z 25

Statystyki odpowiedzi

HintOdpowiedź% Poprawnych
All Eyez On Me2Pac
69%
Die LitPlayboi Carti
68%
IGORTyler, The Creator
67%
?XXXTentacion
65%
The Life of PabloKanye West
63%
RodeoTravis Scott
63%
Eternal AtakeLil Uzi Vert
60%
i am > i was21 Savage
59%
Mr. Morale & The Big StepperKendrick Lamar
55%
The Carter VLil Wayne
55%
CultureMigos
52%
TestingA$AP Rocky
51%
Straight Outta ComptonN.W.A
49%
Finally RichChief Keef
44%
ViewsDrake
36%
Man On The Moon III: The ChosenKid Cudi
36%
So Much FunYoung Thug
31%
Life After DeathThe Notorious B.I.G
28%
1999Joey Bada$$
24%
B.I.B.L.EFivio Foreign
23%
DaytonaPusha T
16%
DiCaprio 2JID
15%
TOXIC BOOGALOOCity Morgue
12%
Black On Both SidesMos Def
7%
Ignorance Is BlissSkepta
4%

Rozkład punktacji

Percentyl według liczby udzielonych odpowiedzi

Procent ludzi z każdym wynikiem

Twoja historia wyników

Nie rozwiązałeś tego quizu